Sports Quiz

Random Sports or Baseball Quiz

MLB Most Saves (Career) Quiz Stats

 Plays Quiz Updated Oct 1, 2019

Score 0/20 Timer 04:00
15 Plays Today
Saves Player % Correct
652Mariano Rivera
94.3%
601Trevor Hoffman
88.3%
390Dennis Eckersley
66%
478Lee Smith
65.6%
437Francisco Rodriguez
53.9%
422Billy Wagner
46.2%
346Craig Kimbrel
45.1%
368Jonathan Papelbon
42%
341Rollie Fingers
41%
424John Franco
39%
Saves Player % Correct
377Joe Nathan
34.8%
330John Wetteland
24.5%
358Troy Percival
23.8%
327Fernando Rodney
20.5%
367Jeff Reardon
19.7%
321Jose Mesa
18.4%
347Randy Myers
17.8%
329Francisco Cordero
16.6%
324Huston Street
16.3%
326Roberto Hernandez
15%

You're not logged in!

Compare scores with friends on all Sporcle quizzes.
OR
Log In

Sporcle TV

Today on Sporcle TV


Watch our educational content, quiz creation guides, and fun videos on Sporcle TV.

Show Comments

Extras

Top Quizzes Today


Score Distribution

Your Account Isn't Verified!

In order to create a playlist on Sporcle, you need to verify the email address you used during registration. Go to your Sporcle Settings to finish the process.

Report this User

Report this user for behavior that violates our Community Guidelines.

Details: